MARC details
| 000 -LEADER |
| fixed length control field |
00940nam a2200241 a 4500 |
| 008 - FIXED-LENGTH DATA ELEMENTS--GENERAL INFORMATION |
| fixed length control field |
120223s2008 ||||||||||||||||| || u |
| 020 ## - INTERNATIONAL STANDARD BOOK NUMBER |
| International Standard Book Number |
9780723434344 |
| 050 ## - LIBRARY OF CONGRESS CALL NUMBER |
| Classification number |
RC 925.5 Rit |
| 100 ## - MAIN ENTRY--PERSONAL NAME |
| Personal name |
Ritchie, Judith E |
| 245 10 - TITLE STATEMENT |
| Title |
Muscles, bones and skin. -- 3rd ed. |
| Statement of responsibility, etc. |
by Judith E. Ritchie |
| 250 ## - EDITION STATEMENT |
| Edition statement |
3rd ed. |
| 260 ## - PUBLICATION, DISTRIBUTION, ETC. |
| Place of publication, distribution, etc. |
Oxford: |
| Name of publisher, distributor, etc. |
Elsevier |
| Date of publication, distribution, etc. |
2008 |
| 300 ## - PHYSICAL DESCRIPTION |
| Extent |
xii, 272p.: ill. |
| 350 ## - |
| -- |
0.00 |
| 490 ## - |
| -- |
Crash course |
| 650 ## - SUBJECT ADDED ENTRY--TOPICAL TERM |
| Topical term or geographic name entry element |
SKIN--PHYSIOLOGY--OUTLINES, SYLLABI, ETC |
| 650 ## - SUBJECT ADDED ENTRY--TOPICAL TERM |
| Topical term or geographic name entry element |
MEDICINE |
| 650 ## - SUBJECT ADDED ENTRY--TOPICAL TERM |
| Topical term or geographic name entry element |
MUSCULOSKELETAL SYSTEM--PHYSIOLOGY--OUTLINES, SYLLABI, ETC |
| 650 ## - SUBJECT ADDED ENTRY--TOPICAL TERM |
| Topical term or geographic name entry element |
SKIN--DISEASES--OUTLINES, SYLLABI, ETC |
| 650 ## - SUBJECT ADDED ENTRY--TOPICAL TERM |
| Topical term or geographic name entry element |
MUSCULOSKELETAL SYSTEM--DISEASES--OUTLINES, SYLLABI, ETC |
| 700 ## - ADDED ENTRY--PERSONAL NAME |
| Personal name |
Horton-Szar, Daniel |
| 995 ## - |
| -- |
MEDICAL LIBRARY OPEN ACCESS |
| -- |
0.00 |
| -- |
901651 |
| -- |
CBU-SCHOOL OF MEDICINE LIBRARY (Ndola) |
| -- |
1 |
| -- |
0.00 |
| -- |
RC 925.5 Rit |
| -- |
1 |
| -- |
AVAILABLE |
| -- |
Mar 22, 2012 |
| -- |
901651 |
| -- |
Medical Library Open Access Collection |
| 999 ## - |
| -- |
32124 |
| -- |
32124 |